South African Diaspora - Statistics

General Stats
  • This quiz has been taken 49 times
  • The average score is 8 of 10
Answer Stats
Population Country % Correct
203,000 United Kingdom
100%
82,000 United States
100%
179,000 Australia
93%
43,000 Canada
93%
21,000 Namibia
86%
54,000 New Zealand
86%
21,000 Netherlands
79%
15,000 Germany
76%
12,000 Portugal
26%
12,000 Eswatini
21%
No matching quizzes found
Score Distribution
Percent of People with Each Score
Percentile by Number Answered
Your Score History
You have not taken this quiz